00409nam a22001337a 4500003000600000005001700006008004100023040000800064082002200072100002000094245010400114260004600218300001100264GBCCL20241126110733.0240819b ||||| |||| 00| 0 eng d cgbc aARC GBC-2023bGOU aGou Khan Son, S aAn exegetical study of pauline understanding on salvation by Grace through faith in Ephesians 2:8-9 aNew Lamka : bGrace Bible college, c2023 a57p. ;